Quiz Master Series: General Knowledge #1 - Statistics

General Stats
  • This quiz has been taken 16 times
  • The average score is 14 of 20
Answer Stats
Hint Answer % Correct
What year did the Berlin Wall fall? 1989
93%
The Year The First iPod was released: 2001
93%
How Many Degrees in a circle? 360
93%
This is the Largest US State (By AREA): Alaska
93%
This is the Capital City of Russia: Moscow
93%
The Hottest Planet in our solar system: Venus
93%
The UK Prime Minister for most of World War II : Winston Churchill
93%
This is the name of the tallest building in the world: Burj Khalifa
86%
This Popular Soft Drink Was Invented on May 8, 1886 by Dr. John Pemberton in Atlanta, Georgia Coca Cola
86%
What is the hardest natural substance on earth? Diamond
86%
Name of the toy cowboy in "Toy Story": Woody
86%
Which US State is known for their deep-dish pizza? Illinois
64%
What is a group of lions called? Pride
64%
How About the Smallest US STATE (By Population): Wyoming
64%
What is the name of Batman's Butler? Alfred
57%
This Very Famous Math Theorem is named after the ancient greek philosopher, Pythagoras Pythagorean Theorem
50%
This Singer Released a hit song "Yeah!" in early 2004: Usher
50%
Who voices Groot in "Guardians of the Galaxy"? Vin Diesel
50%
Shortest Tenured Canadian Prime Minister: Sir Charles Tupper
0%
This was the institution at which Insulin was discovered: University of Toronto
0%
No matching quizzes found
Score Distribution
Percent of People with Each Score
Percentile by Number Answered
Your Score History
You have not taken this quiz